| 000 | 00707nam a22002297a 4500 | ||
|---|---|---|---|
| 003 | DO-SdBNP | ||
| 005 | 20210429085055.0 | ||
| 008 | 171108b 2001 dr 00| 0 spa d | ||
| 020 | _a9993439096 | ||
| 040 |
_aBPMSU _bspa _cBPMSU |
||
| 082 |
_aRD861.44 _bC422a _222 |
||
| 100 | 1 |
_aCéspedes, Diógenes, _d1941- |
|
| 245 | 1 |
_aAl arma contra figuraciones : _bpoemas / _cDiógenes Céspedes. |
|
| 260 |
_aSanto Domingo : _bLibrería La Trinitaria, _c2001. |
||
| 300 |
_a81 p. ; _c22 cm. |
||
| 500 | _aIncluye datos biográficos del autor en la solapa de la cubierta | ||
| 590 | _6Inventariado, 2021/VM | ||
| 650 | 4 | _aPoesía dominicana | |
| 650 | 4 | _a Literatura dominicana | |
| 910 | _aVMateo | ||
| 942 |
_2ddc _cBK |
||
| 999 |
_c12809 _d12809 |
||